Đêm trước đổi mới

Spremljeno u:
Bibliografski detalji
Autor kompanije: Nhiều tác giả
Format: Knjiga
Izdano: Tp.Hồ Chí Minh Nxb Trẻ 2006
Teme:
Oznake: Dodaj oznaku
Bez oznaka, Budi prvi tko označuje ovaj zapis!
Thư viện lưu trữ: Trung tâm Học liệu Lê Vũ Hùng, Trường Đại học Đồng Tháp
LEADER 00690aam a22002298a 4500
001 00039071
005 20171026081025.0
008 170517s2006 ||||||Viesd
041 0 # |a Vie 
082 1 4 |a 303.4  |b Đ253TR 
110 1 # |a Nhiều tác giả 
245 1 0 |a Đêm trước đổi mới 
260 # # |a Tp.Hồ Chí Minh  |b Nxb Trẻ  |c 2006 
300 # # |a 234 tr.  |c 20 cm 
653 # # |a Đêm trước 
653 # # |a Đổi mới 
852 # # |b Kho mượn  |j KM.0022466 
852 # # |b Kho đọc  |j KD.0021572 
852 # # |j KM.0022466  |j KD.0021572 
910 |d 17/05/2017 
980 # # |a Trung tâm Học liệu Lê Vũ Hùng, Trường Đại học Đồng Tháp